000 00314nam a22001337a 4500
008 170904b xxu||||| |||| 00| 0 eng d
020 _a15205436(2011)14(1)
041 _aeng
080 _a070
100 _a 40
101 _aMED
245 _aMASS COMMUNICATION AND SOCIETY
_cWILLIAMS.D.K
942 _2udc
_cBK
999 _c26043
_d26043